الكتابة الوظيفية : (رقم التسجيلة. 9126)

تفاصيل مارك
000 -LEADER
fixed length control field 00540nam a22001697a 4500
005 - DATE AND TIME OF LATEST TRANSACTION
control field 20251108164320.0
008 - FIXED-LENGTH DATA ELEMENTS--GENERAL INFORMATION
fixed length control field 250721s1994 xx 000 0 ara d
082 14 - DEWEY DECIMAL CLASSIFICATION NUMBER
Classification number 418.2/شري
100 1# - MAIN ENTRY--PERSONAL NAME
Personal name أبو شريفة، عبد القادر شريف
245 10 - TITLE STATEMENT
Title الكتابة الوظيفية :
Remainder of title منهج جديد في فن الكتابة و التعبير /
264 1# - PRODUCTION, PUBLICATION, DISTRIBUTION, MANUFACTURE, AND COPYRIGHT NOTICE
Place of production, publication, distribution, manufacture عمان :
Name of producer, publisher, distributor, manufacturer دار حنين،
Date of production, publication, distribution, manufacture, or copyright notice 1994.
300 ## - PHYSICAL DESCRIPTION
Extent 234ص.
650 17 - SUBJECT ADDED ENTRY--TOPICAL TERM
Topical term or geographic name as entry element اللغة العربية
650 17 - SUBJECT ADDED ENTRY--TOPICAL TERM
Topical term or geographic name as entry element التعبير
942 ## - ADDED ENTRY ELEMENTS (KOHA)
Source of classification or shelving scheme Dewey Decimal Classification
Koha item type كتب
المقتنيات
حالة السحب حالة الفقدان مصدر التصنيف حالة التلف غير قابل للإعارة المكتبة الرئيسية المكتبة الحالية موقع الرف تاريخ التزويد الرقم المتسلسل Total Checkouts رقم الإستدعاء الباركود تاريخ آخر ظهور تاريخ الفاتورة نوع المادة (كوها)
    Dewey Decimal Classification     مكتبة الحسن العامة مكتبة الحسن العامة الإعارة 04/08/2018 08215   418.2/شري PLD00426577 28/07/2025 04/08/2018 كتب
    Dewey Decimal Classification     مكتبة النصر العامة مكتبة النصر العامة الإعارة 16/02/2015 6339.   418.2/شري PLD00316696 28/07/2025 16/02/2015 كتب
    Dewey Decimal Classification     مكتبة صويلح العامة مكتبة صويلح العامة الإعارة 20/05/2019 {8973}   418.2/شري PLD00453146 28/07/2025 20/05/2019 كتب
Implemented & Customized by: BBB with SCIT (Smart Chains for Information Technology)

Powered by Koha